The Special Correspondent : a Handbook for Reporters / (Record no. 998)

MARC details
000 -LEADER
Fixed length control field 00467nam a2200169 4500
003 - CONTROL NUMBER IDENTIFIER
Control field SEACOMMC
005 - DATE AND TIME OF LATEST TRANSACTION
Control field 20250430143502.0
008 - FIXED-LENGTH DATA ELEMENTS--GENERAL INFORMATION
Fixed length control field 250114b |||||||| |||| 00| 0 eng d
020 ## - INTERNATIONAL STANDARD BOOK NUMBER / ISBN
International Standard Book Number 978-81-3090-829-8
Price Rs.295.00
040 ## - CATALOGING SOURCE
Original cataloging agency SEACOMMC
082 ## - DEWEY DECIMAL CLASSIFICATION NUMBER
Classification number 070
Book Number A 964
100 ## - MAIN ENTRY--PERSONAL NAME
Personal name Awasthi, Dilip
245 1# - TITLE STATEMENT
Title The Special Correspondent : a Handbook for Reporters /
Statement of responsibility Dilip Awasthi
260 ## - IMPRINT
Place of publication Kolkata
Name of publisher Viva- Books
Date of publication 2007
650 ## - SUBJECT ADDED ENTRY--TOPICAL TERM
Topical term Journalism
942 ## - ADDED ENTRY ELEMENTS (KOHA)
Koha item type Books
Holdings
Withdrawn status Lost status Source of classification Damaged status Not for loan Home library Current library Shelving location Date acquired Total Checkouts Call number Accession number Date last seen Price effective from Koha item type Copy number
    Dewey Decimal Classification     SEACOM MANAGEMENT COLLEGE SEACOM MANAGEMENT COLLEGE Reference 27/12/2007   070 A 964 M-1647 14/01/2025 14/01/2025 Books  
    Dewey Decimal Classification     SEACOM MANAGEMENT COLLEGE SEACOM MANAGEMENT COLLEGE   27/12/2007   070 A 964 M-1648 14/01/2025 14/01/2025 Books 1
    Dewey Decimal Classification     SEACOM MANAGEMENT COLLEGE SEACOM MANAGEMENT COLLEGE   27/12/2007   070 A 964 M-1649 14/01/2025 14/01/2025 Books 2
© Seacom Engineering College, All rights reserved.    Powered by Koha